UEFA Champions League players 2021/22 - Statistics

General Stats
  • This quiz has been taken 9 times
  • The average score is 274 of 747
Answer Stats
Rank Player Positions Nationality Matches Goals (assists) Clubs % Correct
138 Alberto Moreno DF, MF 7 1 (0)
83%
1 Alisson GK 13 0 (0)
83%
85 Boulaye Dia MF, FW 8 1 (0)
83%
146 Bruno Fernandes MF, FW 7 0 (7)
83%
149 Cristiano Ronaldo MF, FW 7 6 (0)
83%
456 Curtis Jones DF, MF 4 0 (2)
83%
9 Daniel Parejo MF 12 1 (3)
83%
10 David Alaba DF, MF 12 1 (0)
83%
11 Éder Militão DF 12 0 (0)
83%
2 Fabinho DF, MF 13 1 (0)
83%
89 Fernandinho DF, MF 8 0 (2)
83%
160 Gerard Moreno MF, FW 7 2 (4)
83%
695 Gil Bastião Dias DF, MF, FW 1 0 (0)
83%
109 Lucas Hernández DF 8 0 (0)
83%
3 Luis Díaz MF, FW 13 4 (1)
83%
4 Luka Modrić MF 13 0 (4)
83%
113 Marco Asensio MF, FW 8 1 (2)
83%
5 Mohamed Salah MF, FW 13 8 (2)
83%
28 Phil Foden MF, FW 11 3 (2)
83%
290 Reece James DF, MF 6 1 (0)
83%
19 Riyad Mahrez MF, FW 12 7 (2)
83%
29 Rodrygo MF, FW 11 5 (2)
83%
129 Rúben Dias DF 8 0 (0)
83%
6 Sadio Mané MF, FW 13 5 (1)
83%
426 Theo Hernández DF 5 0 (0)
83%
7 Thibaut Courtois GK 13 0 (0)
83%
190 Aaron Wan-Bissaka DF 6 0 (0)
67%
80 Achraf Hakimi DF, MF 8 0 (0)
67%
137 Adrien Rabiot MF 7 0 (0)
67%
602 Alejandro Balde DF 2 0 (0)
67%
81 Alessandro Bastoni DF 8 0 (0)
67%
30 Álex Grimaldo DF, MF 10 0 (3)
67%
195 Alexis Sánchez MF, FW 6 1 (1)
67%
139 Alex Sandro DF, MF 7 1 (0)
67%
140 Alphonso Davies DF 7 0 (2)
67%
141 Álvaro Morata FW 7 2 (0)
67%
196 Ander Herrera MF 6 1 (0)
67%
83 Andreas Christensen DF, MF 8 1 (1)
67%
197 André Silva FW 6 3 (2)
67%
32 Andrew Robertson DF, MF 10 0 (2)
67%
33 Ángel Correa MF, FW 10 1 (0)
67%
325 Ángel Di María MF, FW 5 0 (1)
67%
326 Angeliño DF, MF, FW 5 0 (3)
67%
55 Antoine Griezmann MF, FW 9 4 (3)
67%
56 Antonio Rüdiger DF 9 1 (0)
67%
143 Antony FW 7 2 (5)
67%
200 Arthur Melo MF 6 0 (0)
67%
144 Arturo Vidal MF 7 1 (2)
67%
57 Aymeric Laporte DF 9 0 (0)
67%
450 Ben Chilwell DF, MF 4 0 (0)
67%
34 Benjamin Pavard DF 10 0 (1)
67%
22 Bernardo Silva MF, FW 11 3 (3)
67%
329 Bouna Sarr DF, MF, FW 5 0 (0)
67%
330 Brahim Díaz MF, FW 5 1 (1)
67%
671 Bruno Xavier Almeida Costa DF, MF, FW 1 0 (0)
67%
147 Burak Yılmaz FW 7 3 (0)
67%
23 Casemiro MF 11 0 (0)
67%
58 César Azpilicueta DF, MF 9 1 (1)
67%
148 Christian Pulisic DF, MF, FW 7 2 (1)
67%
207 Christopher Nkunku MF, FW 6 7 (1)
67%
24 Dani Carvajal DF 11 0 (1)
67%
338 Danilo DF, MF 5 0 (1)
67%
35 Darwin Núñez MF, FW 10 6 (0)
67%
151 David de Gea GK 7 0 (0)
67%
339 David Neres MF, FW 5 1 (0)
67%
683 Dean Henderson GK 1 0 (0)
67%
340 Dejan Kulusevski MF, FW 5 1 (0)
67%
153 Denzel Dumfries DF, MF 7 0 (1)
67%
215 Diego Carlos DF 6 0 (0)
67%
217 Diogo Costa GK 6 0 (0)
67%
25 Diogo Jota MF, FW 11 1 (1)
67%
154 Divock Origi MF, FW 7 1 (1)
67%
611 Domagoj Vida DF, MF 2 0 (0)
67%
155 Dušan Tadić MF, FW 7 2 (1)
67%
26 Ederson GK 11 0 (0)
67%
156 Edin Džeko FW 7 3 (1)
67%
59 Edouard Mendy GK 9 0 (0)
67%
36 Eduardo Camavinga DF, MF 10 0 (1)
67%
613 Emre Can DF, MF 2 0 (0)
67%
465 Eric García DF, MF 4 0 (0)
67%
470 Federico Chiesa DF, MF, FW 4 2 (0)
67%
158 Federico Dimarco DF, MF, FW 7 0 (0)
67%
27 Federico Valverde DF, MF, FW 11 0 (1)
67%
159 Felipe DF 7 0 (0)
67%
37 Ferland Mendy DF 10 0 (3)
67%
227 Fernando DF, MF 6 0 (0)
67%
348 Fernando FW 5 2 (0)
67%
693 Ferrán Torres MF, FW 1 0 (0)
67%
349 Fikayo Tomori DF 5 1 (0)
67%
350 Franck Kessié DF, MF 5 0 (1)
67%
228 Fred MF, FW 6 0 (0)
67%
229 Frenkie de Jong DF, MF 6 0 (0)
67%
91 Gabriel Jesus FW 8 4 (1)
67%
230 Gavi MF, FW 6 0 (0)
67%
354 Gerard Piqué DF 5 1 (0)
67%
13 Gerónimo Rulli GK 12 0 (0)
67%
355 Gianluigi Donnarumma GK 5 0 (0)
67%
232 Gregor Kobel GK 6 0 (0)
67%
234 Hakan Çalhanoğlu MF, FW 6 0 (0)
67%
63 Hakim Ziyech MF, FW 9 1 (2)
67%
236 Harry Maguire DF 6 1 (0)
67%
700 Harvey Elliott MF, FW 1 0 (0)
67%
476 Héctor Herrera MF 4 0 (0)
67%
92 Ibrahima Konaté DF 8 2 (0)
67%
163 Idrissa Gana Gueye MF 7 1 (0)
67%
38 İlkay Gündoğan MF 10 0 (2)
67%
238 Ismaël Bennacer MF 6 0 (0)
67%
93 Ivan Perišić DF, MF, FW 8 0 (1)
67%
360 Ivan Rakitić MF 5 2 (1)
67%
165 Jadon Sancho MF, FW 7 1 (0)
67%
94 Jamal Musiala MF, FW 8 1 (1)
67%
95 James Milner DF, MF 8 0 (1)
67%
39 Jan Oblak GK 10 0 (0)
67%
40 Jan Vertonghen DF 10 0 (0)
67%
480 Jesús Navas DF, FW 4 0 (0)
67%
64 João Cancelo DF, MF 9 2 (3)
67%
96 João Félix MF, FW 8 1 (1)
67%
97 João Mário MF, FW 8 0 (4)
67%
364 Joaquín Correa MF, FW 5 0 (0)
67%
166 Joe Gomez DF 7 0 (0)
67%
167 Joël Matip DF, MF 7 0 (0)
67%
98 John Stones DF, MF 8 0 (0)
67%
99 Jonathan David FW 8 3 (0)
67%
14 Jordan Henderson MF 12 1 (1)
67%
100 Jorginho MF 8 2 (1)
67%
101 José Fonte DF 8 0 (0)
67%
168 José María Giménez DF 7 0 (0)
67%
707 Josep Martinez GK 1 0 (0)
67%
102 Joshua Kimmich DF, MF 8 0 (0)
67%
169 Juan Cuadrado DF, MF, FW 7 0 (0)
67%
248 Jude Bellingham MF 6 1 (3)
67%
370 Jules Koundé DF 5 0 (0)
67%
66 Kai Havertz MF, FW 9 3 (0)
67%
15 Karim Benzema FW 12 15 (1)
67%
42 Kevin De Bruyne MF, FW 10 2 (3)
67%
559 Keylor Navas GK 3 0 (0)
67%
250 Konrad Laimer DF, MF 6 0 (1)
67%
375 Kostas Tsimikas DF 5 0 (2)
67%
170 Kyle Walker DF, MF 7 1 (0)
67%
106 Kylian Mbappé MF, FW 8 6 (4)
67%
107 Lautaro Martínez FW 8 1 (0)
67%
251 Leon Goretzka MF 6 0 (0)
67%
43 Leroy Sané MF, FW 10 6 (6)
67%
172 Lionel Messi MF, FW 7 5 (0)
67%
108 Lisandro Martínez DF, MF 8 0 (1)
67%
110 Lucas Vázquez DF, MF, FW 8 0 (0)
67%
173 Luis Suárez FW 7 1 (0)
67%
381 Luke Shaw DF, MF 5 0 (2)
67%
565 Luuk de Jong FW 3 0 (0)
67%
637 Malang Sarr DF 2 0 (0)
67%
383 Manuel Akanji DF, MF 5 0 (0)
67%
174 Manuel Locatelli MF 7 0 (0)
67%
70 Manuel Neuer GK 9 0 (1)
67%
255 Marc-André ter Stegen GK 6 0 (0)
67%
112 Marcelo Brozović MF 8 1 (0)
67%
384 Marcel Sabitzer MF, FW 5 0 (0)
67%
256 Marco Reus MF, FW 6 3 (1)
67%
114 Marcos Alonso DF, MF 8 0 (0)
67%
71 Marcos Llorente DF, MF, FW 9 0 (0)
67%
257 Mario Hermoso DF 6 0 (0)
67%
258 Marko Grujić MF 6 0 (1)
67%
115 Marquinhos DF, MF 8 0 (1)
67%
260 Marten de Roon DF, MF 6 0 (0)
67%
175 Mason Mount MF, FW 7 1 (2)
67%
262 Mateo Kovačić MF 6 0 (0)
67%
394 Mats Hummels DF 5 0 (0)
67%
176 Matthijs de Ligt DF 7 0 (0)
67%
269 Memphis MF, FW 6 0 (0)
67%
117 Milan Škriniar DF, MF 8 1 (0)
67%
273 Moi Gómez MF, FW 6 0 (1)
67%
274 Moise Kean FW 6 1 (0)
67%
44 Naby Keïta MF, FW 10 1 (2)
67%
278 Nathan Aké DF, MF 6 1 (0)
67%
119 Nemanja Matić MF 8 0 (0)
67%
279 Neymar MF, FW 6 0 (2)
67%
280 N'Golo Kanté MF 6 0 (1)
67%
73 Nicolás Otamendi DF 9 0 (0)
67%
179 Niklas Süle DF 7 0 (0)
67%
122 Nuno Mendes DF 8 0 (0)
67%
123 Oleksandr Zinchenko DF, MF 8 0 (2)
67%
504 Óliver Torres MF, FW 4 0 (0)
67%
398 Olivier Giroud FW 5 0 (0)
67%
577 Ousmane Dembélé MF, FW 3 0 (0)
67%
401 Papu Gómez MF, FW 5 0 (0)
67%
403 Paulo Dybala MF, FW 5 3 (1)
67%
287 Paul Pogba MF, FW 6 0 (0)
67%
16 Pau Torres DF 12 1 (0)
67%
651 Pedri MF, FW 2 0 (0)
67%
406 Péter Gulácsi GK 5 0 (0)
67%
182 Presnel Kimpembe DF 7 0 (0)
67%
74 Rafa Silva MF, FW 9 1 (1)
67%
17 Raheem Sterling MF, FW 12 3 (2)
67%
18 Raúl Albiol DF 12 0 (0)
67%
652 Rıdvan Yılmaz DF, MF, FW 2 0 (0)
67%
49 Robert Lewandowski FW 10 13 (3)
67%
183 Roberto Firmino MF, FW 7 5 (0)
67%
653 Robin Gosens DF, MF 2 1 (0)
67%
50 Rodri MF 10 0 (0)
67%
413 Rodrigo Bentancur MF 5 0 (1)
67%
75 Rodrigo De Paul MF, FW 9 1 (0)
67%
294 Romelu Lukaku FW 6 2 (0)
67%
414 Ronald Araújo DF 5 0 (0)
67%
132 Samir Handanović GK 8 0 (0)
67%
296 Sandro Tonali MF 6 0 (0)
67%
418 Saúl Ñíguez DF, MF 5 0 (0)
67%
297 Sebastián Coates DF 6 2 (0)
67%
133 Sébastien Haller FW 8 11 (1)
67%
134 Serge Gnabry DF, MF, FW 8 3 (1)
67%
299 Sergio Busquets MF 6 0 (0)
67%
305 Stefan de Vrij DF 6 1 (0)
67%
52 Thiago Alcántara MF 10 1 (0)
67%
77 Thiago Silva DF 9 0 (1)
67%
136 Thomas Lemar MF, FW 8 0 (1)
67%
307 Thomas Meunier DF, MF 6 0 (1)
67%
53 Thomas Müller MF, FW 10 4 (3)
67%
20 Toni Kroos MF 12 2 (0)
67%
308 Toni Martínez FW 6 0 (0)
67%
78 Trent Alexander-Arnold DF 9 0 (3)
67%
432 Ulisses Garcia DF, MF 5 0 (0)
67%
434 Victor Lindelöf DF 5 0 (0)
67%
8 Vinicius Júnior MF, FW 13 4 (6)
67%
79 Virgil van Dijk DF 9 0 (1)
67%
312 Vitinha MF 6 0 (0)
67%
523 Willi Orban DF 4 0 (0)
67%
185 Wojciech Szczęsny GK 7 0 (0)
67%
600 Abdou Diallo DF 2 0 (0)
50%
54 Adel Taarabt MF, FW 9 0 (0)
50%
603 Aleksei Miranchuk MF, FW 2 0 (1)
50%
321 Alessio Romagnoli DF 5 0 (1)
50%
194 Alexis Saelemaekers DF, MF, FW 6 0 (0)
50%
193 Alex Oxlade-Chamberlain MF, FW 6 0 (1)
50%
31 Alfonso Pedraza DF, MF, FW 10 0 (1)
50%
666 Amad Diallo MF, FW 1 0 (0)
50%
445 Amadou Haidara MF, FW 4 0 (0)
50%
82 Amadou Onana MF 8 0 (0)
50%
528 Anatolii Trubin GK 3 0 (0)
50%
604 André Onana GK 2 0 (0)
50%
447 Angel Gomes MF, FW 4 1 (1)
50%
606 Anthony Martial MF, FW 2 0 (0)
50%
142 Antonio Adán GK 7 0 (0)
50%
21 Arnaut Danjuma MF, FW 11 6 (2)
50%
199 Artem Dzyuba FW 6 0 (1)
50%
201 Axel Witsel DF, MF 6 0 (0)
50%
202 Benjamin Šeško MF, FW 6 0 (0)
50%
327 Berat Djimsiti DF 5 0 (0)
50%
454 Clément Lenglet DF 4 0 (0)
50%
455 Corentin Tolisso DF, MF 4 0 (1)
50%
87 Daley Blind DF, MF 8 1 (1)
50%
336 Dani Ceballos MF, FW 5 0 (0)
50%
541 Danilo D'Ambrosio DF 3 0 (0)
50%
150 Danilo Pereira DF, MF, FW 7 0 (0)
50%
610 Dani Olmo MF, FW 2 0 (1)
50%
459 Davide Calabria DF 4 0 (0)
50%
213 Davide Zappacosta DF, MF 6 0 (1)
50%
88 Dayot Upamecano DF 8 0 (0)
50%
460 Dejan Lovren DF 4 0 (0)
50%
684 Denis Zakaria DF, MF 1 0 (0)
50%
543 Diogo Dalot DF, MF 3 0 (0)
50%
342 Diogo Gonçalves DF, MF, FW 5 0 (0)
50%
462 Donny van de Beek MF, FW 4 0 (0)
50%
220 Donyell Malen MF, FW 6 3 (0)
50%
344 Douglas Santos DF, MF 5 0 (2)
50%
221 Duván Zapata FW 6 3 (3)
50%
544 Eden Hazard MF, FW 3 0 (0)
50%
463 Edinson Cavani MF, FW 4 0 (0)
50%
689 Edon Zhegrova MF, FW 1 0 (0)
50%
157 Edson Álvarez DF, MF 7 0 (0)
50%
223 Emil Forsberg MF, FW 6 2 (2)
50%
614 Eric Bailly DF 2 0 (0)
50%
12 Étienne Capoue MF 12 2 (4)
50%
60 Everton Soares MF, FW 9 0 (0)
50%
90 Francis Coquelin DF, MF 8 1 (0)
50%
61 Geoffrey Kondogbia DF, MF 9 0 (0)
50%
353 Georginio Wijnaldum MF, FW 5 2 (0)
50%
161 Gonçalo Inácio DF 7 0 (1)
50%
162 Gonçalo Ramos MF, FW 7 1 (1)
50%
699 Haris Seferović FW 1 0 (0)
50%
239 Ivo Grbić GK 6 0 (0)
50%
164 Jack Grealish MF, FW 7 1 (1)
50%
479 Jesús Corona DF, MF, FW 4 0 (0)
50%
363 Joakim Mæhle DF, MF 5 0 (1)
50%
243 João Palhinha MF 6 0 (0)
50%
365 Jonathan Ikone MF, FW 5 1 (2)
50%
366 Jordi Alba DF, MF 5 0 (1)
50%
367 José Luis Palomino DF 5 1 (1)
50%
484 Josip Iličić MF, FW 4 1 (1)
50%
630 Josip Stanišić DF 2 0 (1)
50%
246 Joško Gvardiol DF 6 0 (0)
50%
41 Juan Foyth DF, MF 10 0 (0)
50%
247 Juan Musso GK 6 0 (0)
50%
371 Julian Brandt MF, FW 5 0 (0)
50%
65 Julian Weigl DF, MF 9 0 (0)
50%
104 Jurriën Timber DF 8 0 (0)
50%
560 Kieran Trippier DF, MF 3 0 (0)
50%
67 Kingsley Coman MF, FW 9 2 (3)
50%
374 Koen Casteels GK 5 0 (0)
50%
68 Koke MF 9 0 (1)
50%
377 Leandro Paredes MF 5 0 (0)
50%
171 Leonardo Bonucci DF 7 0 (0)
50%
252 Lucas Ocampos MF, FW 6 1 (1)
50%
378 Luis Muriel MF, FW 5 1 (0)
50%
379 Lukas Klostermann DF 5 0 (0)
50%
111 Luka Sučić MF, FW 8 1 (0)
50%
385 Marco Verratti MF 5 0 (0)
50%
388 Marcus Rashford MF, FW 5 1 (0)
50%
390 Mario Pašalić MF, FW 5 1 (1)
50%
263 Matheus Nunes DF, MF 6 0 (2)
50%
395 Matteo Darmian DF, MF 5 0 (0)
50%
567 Mauro Icardi FW 3 0 (0)
50%
268 Mehdi Taremi MF, FW 6 1 (1)
50%
270 Merih Demiral DF 6 1 (0)
50%
396 Michy Batshuayi FW 5 0 (0)
50%
569 Mike Maignan GK 3 0 (0)
50%
498 Mohamed Simakan DF 4 0 (0)
50%
72 Nacho DF 9 0 (0)
50%
281 Nicolò Barella MF 6 0 (0)
50%
283 Noah Okafor MF, FW 6 3 (0)
50%
282 Noa Lang MF, FW 6 0 (1)
50%
284 Nordi Mukiele DF, FW 6 1 (1)
50%
121 Noussair Mazraoui DF 8 0 (2)
50%
180 Nuno Santos DF, MF, FW 7 1 (0)
50%
45 Odysseas Vlachodimos GK 10 0 (0)
50%
286 Otávio MF, FW 6 0 (0)
50%
124 Pablo Sarabia MF, FW 8 2 (1)
50%
506 Paulo Otávio DF, MF 4 0 (0)
50%
404 Pedro Gonçalves MF, FW 5 4 (2)
50%
181 Pedro Porro DF, MF 7 1 (0)
50%
405 Pepe DF, MF 5 0 (0)
50%
579 Pepê DF, MF, FW 3 0 (0)
50%
46 Pervis Estupiñán DF 10 0 (0)
50%
407 Pierre Kalulu DF 5 0 (0)
50%
288 Pizzi MF, FW 6 0 (0)
50%
510 Rafael Leão MF, FW 4 1 (1)
50%
511 Rafael Tolói DF 4 0 (0)
50%
289 Rafa Mir MF, FW 6 1 (1)
50%
582 Raphaël Guerreiro DF, MF 3 0 (0)
50%
409 Raphaël Varane DF, MF 5 0 (0)
50%
47 Reinildo Mandava DF 10 0 (0)
50%
291 Remko Pasveer GK 6 0 (0)
50%
292 Remo Freuler MF 6 1 (1)
50%
48 Renan Lodi DF, FW 10 1 (2)
50%
410 Renato Sanches MF, FW 5 0 (0)
50%
412 Roberto Gagliardini DF, MF 5 0 (0)
50%
130 Ruben Loftus-Cheek DF, MF, FW 8 0 (1)
50%
415 Ruslan Malinovskyi MF, FW 5 1 (0)
50%
76 Samuel Chukwueze MF, FW 9 2 (0)
50%
419 Scott McTominay MF, FW 5 0 (0)
50%
513 Sergiño Dest DF, FW 4 0 (0)
50%
300 Sérgio Oliveira MF 6 1 (0)
50%
588 Simon Kjær DF 3 0 (0)
50%
303 Simon Mignolet GK 6 0 (0)
50%
135 Steven Berghuis MF, FW 8 3 (1)
50%
515 Suso MF, FW 4 0 (0)
50%
592 Thilo Kehrer DF 3 0 (0)
50%
593 Thorgan Hazard DF, MF, FW 3 0 (0)
50%
594 Tiemoué Bakayoko MF 3 0 (0)
50%
429 Timothy Weah DF, MF, FW 5 0 (0)
50%
428 Timo Werner MF, FW 5 4 (2)
50%
595 Trevoh Chalobah DF, MF 3 1 (0)
50%
314 Weston McKennie DF, MF 6 0 (0)
50%
315 Wílmar Barrios DF, MF 6 0 (0)
50%
439 Wout Weghorst FW 5 0 (0)
50%
187 Yannick Carrasco DF, MF, FW 7 0 (0)
50%
317 Yassine Bounou GK 6 0 (0)
50%
188 Yeremi Pino MF, FW 7 1 (0)
50%
664 Youssef En-Nesyri FW 2 0 (0)
50%
524 Yussuf Poulsen MF, FW 4 0 (1)
50%
598 Yusuf Demir DF, MF, FW 3 0 (0)
50%
318 Zaidu Sanusi DF, FW 6 0 (0)
50%
189 Zeki Çelik DF 7 0 (1)
50%
599 Aaron Ramsey MF 2 0 (0)
33%
191 Adama Traoré MF, FW 6 2 (1)
33%
665 Aleksandar Kolarov DF 1 0 (0)
33%
443 Alessandro Florenzi DF, FW 4 0 (0)
33%
444 Alex Telles DF 4 1 (0)
33%
532 Ansu Fati MF, FW 3 1 (0)
33%
605 Ante Rebić MF, FW 2 1 (0)
33%
533 Anthony Elanga MF, FW 3 1 (0)
33%
198 Antonio Čolak FW 6 0 (0)
33%
449 Atiba Hutchinson DF, MF 4 0 (0)
33%
145 Benjamin André DF, MF 7 0 (0)
33%
331 Brian Brobbey FW 5 0 (0)
33%
333 Chancel Mbemba DF 5 0 (0)
33%
206 Charles De Ketelaere MF, FW 6 0 (1)
33%
538 Ciprian Tătărușanu GK 3 0 (0)
33%
209 Clinton Mata DF 6 0 (0)
33%
539 Cole Palmer MF, FW 3 1 (0)
33%
676 Conor Bradley DF 1 0 (0)
33%
457 Daler Kuzyaev DF, MF 4 1 (0)
33%
609 Dan-Axel Zagadou DF 2 0 (0)
33%
458 Daniele Rugani DF 4 0 (0)
33%
341 Devyne Rensch DF 5 0 (0)
33%
687 Domagoj Bradarić DF 1 0 (0)
33%
461 Dominik Szoboszlai MF, FW 4 2 (0)
33%
612 Dušan Vlahović FW 2 1 (0)
33%
467 Eric Maxim Choupo-Moting MF, FW 4 1 (0)
33%
468 Érik Lamela MF, FW 4 0 (0)
33%
545 Erling Haaland FW 3 3 (0)
33%
469 Evanilson FW 4 0 (0)
33%
691 Fabio Miretti MF, FW 1 0 (0)
33%
347 Federico Bernardeschi DF, MF, FW 5 0 (2)
33%
621 Fodé Ballo-Touré DF, MF 2 0 (0)
33%
623 Gareth Bale MF, FW 2 0 (0)
33%
475 Gonzalo Montiel DF 4 0 (0)
33%
698 Hans Hateboer DF, MF 1 0 (0)
33%
235 Hans Vanaken MF, FW 6 3 (1)
33%
625 Heorhiy Sudakov MF 2 0 (0)
33%
702 Iván Romero MF, FW 1 0 (0)
33%
478 Jesse Lingard MF, FW 4 0 (1)
33%
629 Jesús Vallejo DF 2 0 (0)
33%
244 Jonathan Bamba MF, FW 6 0 (0)
33%
555 Juan Mata MF, FW 3 0 (0)
33%
485 Julian Draxler MF, FW 4 0 (0)
33%
631 Junior Messias DF, MF, FW 2 1 (0)
33%
105 Karim Adeyemi MF, FW 8 3 (1)
33%
709 Kepa Arrizabalaga GK 1 0 (0)
33%
249 Kevin Mbabu DF 6 0 (0)
33%
635 Lassina Franck Traoré FW 2 0 (0)
33%
564 Luka Jović MF, FW 3 0 (0)
33%
254 Malcom MF, FW 6 0 (1)
33%
489 Manuel Ugarte Ribeiro MF 4 0 (0)
33%
566 Marcelo DF, MF 3 0 (0)
33%
715 Mariano MF, FW 1 0 (0)
33%
389 Marin Pongračić DF 5 0 (0)
33%
491 Mason Greenwood MF, FW 4 1 (1)
33%
492 Mateus Uribe MF 4 0 (0)
33%
393 Matheus Cunha MF, FW 5 0 (0)
33%
116 Matheus Reis DF, MF 8 0 (0)
33%
493 Matías Vecino MF, FW 4 0 (0)
33%
494 Matteo Pessina MF, FW 4 1 (0)
33%
495 Mattia De Sciglio DF, MF 4 0 (1)
33%
718 Mattia Perin GK 1 0 (0)
33%
265 Maxence Lacroix DF 6 0 (0)
33%
266 Maximilian Arnold MF 6 0 (3)
33%
641 Maximilian Philipp MF, FW 2 0 (0)
33%
177 Maximilian Wöber DF 7 1 (0)
33%
570 Miralem Pjanić MF 3 0 (2)
33%
497 Mohamed Aly Camara DF 4 0 (0)
33%
118 Mohamed Camara MF 8 0 (0)
33%
276 Mykhailo Mudryk MF, FW 6 0 (0)
33%
646 Nathaniel Phillips DF 2 0 (0)
33%
573 Neco Williams DF 3 0 (0)
33%
502 Nicolás González MF 4 0 (0)
33%
120 Nicolas Seiwald DF, MF 8 0 (1)
33%
574 Nicolás Tagliafico DF 3 0 (1)
33%
505 Omar Richards DF 4 0 (0)
33%
399 Óscar Mingueza DF, MF 5 0 (0)
33%
509 Rade Krunić MF, FW 4 0 (0)
33%
127 Rasmus Kristensen DF 8 0 (1)
33%
51 Roman Yaremchuk FW 10 3 (0)
33%
586 Sergi Roberto DF, MF 3 0 (0)
33%
422 Šime Vrsaljko DF, MF 5 0 (0)
33%
423 Stefan Savić DF, MF 5 0 (0)
33%
424 Sven Botman DF 5 0 (0)
33%
739 Sven Ulreich GK 1 0 (0)
33%
516 Takumi Minamino MF, FW 4 0 (0)
33%
425 Teun Koopmeiners DF, MF 5 0 (1)
33%
184 Tiago Djaló DF 7 0 (0)
33%
431 Tyler Adams DF, MF 5 0 (0)
33%
186 Xeka MF 7 0 (0)
33%
525 Yusuf Yazıcı MF, FW 4 0 (0)
33%
526 Zlatan Ibrahimović FW 4 0 (0)
33%
322 André Almeida DF, MF 5 0 (0)
17%
84 Andreas Ulmer DF 8 0 (0)
17%
530 Andriy Pyatov GK 3 0 (0)
17%
607 Artem Bondarenko MF 2 0 (0)
17%
534 Bas Dost FW 3 0 (0)
17%
451 Benjamin Henrichs DF, MF 4 0 (0)
17%
86 Brenden Aaronson MF, FW 8 0 (2)
17%
332 Callum Hudson-Odoi DF, MF, FW 5 1 (2)
17%
205 Carlos de Pena MF, FW 6 0 (0)
17%
334 Christopher Martins MF, FW 5 0 (0)
17%
208 Claudinho MF, FW 6 2 (0)
17%
210 Cristiano da Silva Leite DF 6 0 (3)
17%
335 Cyle Larin FW 5 1 (0)
17%
540 Daniel Maldini MF, FW 3 0 (0)
17%
152 Davy Klaassen MF 7 1 (1)
17%
685 Dentinho MF, FW 1 0 (0)
17%
686 Denys Boyko GK 1 0 (0)
17%
219 Dodô DF 6 0 (0)
17%
464 Eduard Sobol DF, MF, FW 4 0 (1)
17%
617 Fabio Vieira MF, FW 2 0 (1)
17%
618 Felix Nmecha MF, FW 2 0 (0)
17%
622 Francisco Conceição MF, FW 2 0 (0)
17%
351 Frank Castañeda MF, FW 5 0 (0)
17%
62 Gilberto DF, MF 9 1 (0)
17%
696 Giorgio Chiellini DF 1 0 (0)
17%
474 Gökhan Töre MF, FW 4 0 (0)
17%
697 Gonçalo Esteves DF, FW 1 0 (0)
17%
357 Heorhiy Bushchan GK 5 0 (0)
17%
549 Ilaix Moriba MF, FW 3 0 (0)
17%
237 Illia Zabarnyi DF 6 0 (0)
17%
626 Ilya Shkurin FW 2 0 (0)
17%
627 Islam Slimani FW 2 0 (0)
17%
703 James Mcatee MF, FW 1 0 (0)
17%
552 Jasur Yaxshiboyev FW 3 1 (0)
17%
241 Jérôme Roussillon DF, MF 6 0 (0)
17%
242 Joan Jordán MF 6 1 (0)
17%
554 Jovane Cabral MF, FW 3 0 (0)
17%
632 Kamil Piątkowski DF 2 0 (0)
17%
486 Karim Rekik DF 4 0 (0)
17%
556 Kenneth Taylor DF, MF, FW 3 0 (0)
17%
558 Kevin Kampl MF 3 0 (0)
17%
634 Koni De Winter DF 2 0 (0)
17%
636 Léo Jardim GK 2 0 (0)
17%
253 Luís Neto DF 6 0 (0)
17%
380 Lukas Nmecha MF, FW 5 2 (0)
17%
487 Mahmoud Dahoud MF 4 0 (2)
17%
382 Manor Solomon MF, FW 5 0 (0)
17%
69 Manu Trigueros MF, FW 9 1 (0)
17%
386 Marcos Acuña DF, MF, FW 5 0 (0)
17%
387 Marcos Antônio MF 5 0 (0)
17%
490 Marc Roca MF 4 0 (0)
17%
714 Marcus Edwards MF, FW 1 0 (0)
17%
391 Marius Wolf DF, MF, FW 5 0 (0)
17%
392 Marlon DF 5 0 (0)
17%
259 Marlos MF, FW 6 0 (0)
17%
720 Mert Günok GK 1 0 (0)
17%
271 Meschak Elia MF, FW 6 1 (0)
17%
272 Michel Aebischer MF, FW 6 0 (1)
17%
644 Mohammed Kudus MF, FW 2 0 (0)
17%
645 Morato DF 2 1 (0)
17%
275 Moumi Ngamaleu MF, FW 6 1 (1)
17%
499 Munir El Haddadi MF, FW 4 0 (0)
17%
500 Mykola Matviyenko DF 4 0 (0)
17%
277 Mykola Shaparenko MF, FW 6 0 (0)
17%
285 Oleksandr Karavayev DF, MF, FW 6 0 (0)
17%
400 Oumar Solet DF 5 0 (0)
17%
125 Paulinho MF, FW 8 3 (1)
17%
507 Pedrinho MF, FW 4 0 (0)
17%
580 Perr Schuurs DF 3 0 (1)
17%
508 Philippe Coutinho MF, FW 4 0 (0)
17%
126 Philipp Köhn GK 8 0 (0)
17%
411 Renato Steffen MF, FW 5 2 (0)
17%
731 Roko Simic FW 1 0 (0)
17%
584 Ross Barkley MF, FW 3 0 (0)
17%
655 Rúben Vinagre DF, MF, FW 2 0 (0)
17%
131 Ryan Gravenberch MF 8 0 (1)
17%
417 Sardar Azmoun MF, FW 5 2 (0)
17%
733 Scott Carson GK 1 0 (0)
17%
298 Sébastien Thill MF 6 2 (1)
17%
420 Serge Aurier DF, MF 5 0 (1)
17%
657 Stefano Sensi MF, FW 2 0 (0)
17%
517 Tanguy Nianzou DF, MF 4 0 (0)
17%
518 Taras Stepanenko MF 4 0 (0)
17%
306 Tetê MF, FW 6 0 (0)
17%
519 Thomas Delaney MF 4 0 (0)
17%
430 Tomasz Kędziora DF 5 0 (0)
17%
309 Valentino Lazaro DF, MF, FW 6 0 (0)
17%
742 Valerii Bondar DF 1 0 (0)
17%
311 Viktor Tsyhankov MF, FW 6 0 (1)
17%
436 Vitaliy Buyalskyi MF, FW 5 0 (0)
17%
437 Vitaliy Mykolenko DF 5 0 (0)
17%
520 Vyacheslav Karavayev DF 4 0 (0)
17%
313 Wendel MF 6 1 (0)
17%
522 Wendell DF 4 0 (0)
17%
745 Youssoufa Moukoko MF, FW 1 0 (0)
17%
746 Zack Steffen GK 1 0 (0)
17%
320 Adi Nalic MF, FW 5 0 (0)
0%
601 Aïssa Mandi DF 2 0 (0)
0%
441 Alan Patrick MF 4 0 (1)
0%
192 Aleksandr Erokhin MF, FW 6 0 (0)
0%
442 Aleksei Sutormin DF, MF 4 1 (0)
0%
527 Alex Teixeira MF, FW 3 0 (0)
0%
446 Anders Christiansen MF, FW 4 0 (0)
0%
529 Andrea Ranocchia DF 3 0 (0)
0%
323 Andrei Mostovoy DF, MF, FW 5 0 (0)
0%
324 Anel Ahmedhodžić DF 5 0 (0)
0%
531 Ansgar Knauff DF, MF, FW 3 0 (0)
0%
667 Antonio Blanco MF 1 0 (0)
0%
668 Artem Shabanov DF 1 0 (0)
0%
448 Aster Vranckx MF 4 0 (0)
0%
535 Benjamin Verbič MF, FW 3 0 (0)
0%
669 Berkay Vardar DF, MF 1 0 (0)
0%
608 Bernardo DF, MF 2 0 (1)
0%
328 Boban Nikolov MF, FW 5 1 (0)
0%
670 Bohdan Liedniev MF, FW 1 0 (0)
0%
203 Bonke Innocent MF 6 0 (0)
0%
536 Brandon Mechele DF 3 0 (0)
0%
204 Bruno Felipe Souza da Silva DF, MF, FW 6 0 (0)
0%
452 Bruno Tabata MF, FW 4 1 (1)
0%
453 Can Bozdogan MF, FW 4 0 (0)
0%
672 Cedric Zesiger DF 1 0 (0)
0%
673 Charlie Savage MF 1 0 (0)
0%
537 Christian Fassnacht MF, FW 3 0 (0)
0%
674 Cisse Sandra MF, FW 1 0 (0)
0%
675 CJ Egan-Riley DF 1 0 (0)
0%
677 Cosimo Marco Da Graca FW 1 0 (0)
0%
337 Daniel Bragança MF 5 0 (0)
0%
679 Daniel Ginczek MF, FW 1 0 (0)
0%
680 Daniil Kuznetsov MF 1 0 (0)
0%
211 Danil Krugovoy DF, MF 6 0 (0)
0%
212 Danilo Arboleda DF 6 0 (0)
0%
678 Dani Raba MF, FW 1 0 (0)
0%
681 Daouda Guindo DF 1 0 (0)
0%
682 Dario Essugo MF 1 0 (0)
0%
542 David von Ballmoos GK 3 0 (0)
0%
214 Denys Harmash MF, FW 6 1 (0)
0%
216 Dimitris Kolovos MF, FW 6 0 (0)
0%
343 Dmitri Chistyakov DF 5 0 (0)
0%
218 Dodi Lukebakio MF, FW 6 0 (0)
0%
688 Dumitru Celeadnic GK 1 0 (0)
0%
345 Éder Álvarez Balanta DF, MF, FW 5 0 (0)
0%
222 Edmund Addo MF 6 0 (0)
0%
224 Erdal Rakip MF, FW 6 0 (0)
0%
466 Eric Larsson DF 4 0 (0)
0%
615 Eric Ramírez FW 2 0 (0)
0%
346 Ersin Destanoğlu GK 5 0 (0)
0%
690 Fabian Lustenberger DF, MF 1 0 (0)
0%
225 Fabian Rieder MF, FW 6 1 (1)
0%
616 Fábio Cardoso DF 2 0 (0)
0%
546 Fabrice N'Sakala DF, MF 3 0 (0)
0%
692 Faitout Maouassa DF, MF, FW 1 0 (0)
0%
471 Federico Ricca DF, MF 4 0 (0)
0%
472 Felix Mambimbi MF, FW 4 0 (0)
0%
619 Felix Passlack DF, MF 2 0 (0)
0%
226 Fernando Costanza DF 6 0 (0)
0%
620 Flávio Nazinho DF, MF 2 0 (0)
0%
352 Franz Brorsson DF, FW 5 0 (0)
0%
473 Gabriel Gudmundsson DF, MF, FW 4 0 (0)
0%
694 Georges-Kévin N'Koudou MF, FW 1 0 (0)
0%
356 Giorgos Athanasiadis GK 5 0 (0)
0%
231 Giovani Lo Celso MF, FW 6 0 (0)
0%
547 Giuseppe Pezzella DF, MF, FW 3 0 (0)
0%
548 Guillaume Faivre GK 3 0 (0)
0%
233 Gustavo Dulanto DF 6 0 (0)
0%
624 Hatem Ben Arfa MF, FW 2 0 (0)
0%
701 Hugo Novoa DF, MF, FW 1 0 (1)
0%
358 Ignace Van Der Brempt DF, MF, FW 5 0 (0)
0%
550 Isaac Lihadji MF, FW 3 0 (0)
0%
551 Ismael Diawara GK 3 0 (0)
0%
359 Ismaily DF 5 0 (0)
0%
628 Iván Marcano DF 2 0 (0)
0%
240 Jack Hendry DF 6 0 (0)
0%
704 Javier Serrano MF, FW 1 0 (0)
0%
477 Javi Montero DF 4 1 (0)
0%
361 Jérôme Onguéné DF 5 0 (0)
0%
481 João Mário Lopes DF, MF 4 0 (0)
0%
705 João Virgínia GK 1 0 (0)
0%
482 Johan Dahlin GK 4 0 (0)
0%
483 John Brooks DF 4 0 (0)
0%
362 Jo Inge Berget DF, MF, FW 5 0 (0)
0%
553 Jordan Lefort DF 3 0 (0)
0%
245 Jordan Pefok FW 6 2 (0)
0%
368 Josef de Souza MF 5 0 (0)
0%
706 José Izquierdo MF, FW 1 0 (0)
0%
369 Josuha Guilavogui DF, MF 5 0 (0)
0%
103 Junior Adamu MF, FW 8 1 (0)
0%
708 Junior Dina Ebimbe DF, MF, FW 1 0 (0)
0%
372 Kamal Sowah DF, MF, FW 5 0 (0)
0%
373 Kenan Karaman MF, FW 5 0 (0)
0%
557 Keston Julien DF, MF, FW 3 0 (0)
0%
633 Kirill Kravtsov MF 2 0 (0)
0%
376 Lasse Nielsen DF 5 0 (0)
0%
710 Liam Delap FW 1 0 (0)
0%
711 Luca Pellegrini DF, MF 1 0 (0)
0%
562 Lucas Veríssimo DF 3 0 (0)
0%
561 Luca Waldschmidt MF, FW 3 0 (0)
0%
563 Ludwig Augustinsson DF, MF, FW 3 0 (0)
0%
712 Luke Mbete-Tatu DF 1 0 (0)
0%
713 Magomed Ozdoyev MF 1 1 (0)
0%
488 Malik Abubakari FW 4 0 (0)
0%
638 Malik Tillman MF, FW 2 0 (0)
0%
639 Mario Gaspar DF, MF 2 0 (0)
0%
261 Martin Olsson DF, MF 6 0 (0)
0%
716 Marvin Spielmann MF, FW 1 0 (0)
0%
264 Mats Rits MF 6 2 (0)
0%
717 Matteo Lovato DF 1 0 (0)
0%
496 Maurits Kjærgaard MF, FW 4 1 (0)
0%
640 Maxim Cojocaru MF, FW 2 0 (0)
0%
719 Max Woltman FW 1 0 (0)
0%
267 Maycon MF 6 0 (0)
0%
568 Mehmet Topal DF, MF 3 0 (0)
0%
721 Miguel Gutiérrez DF, MF 1 0 (0)
0%
642 Mikhail Kerzhakov GK 2 0 (0)
0%
722 Miralem Sulejmani MF, FW 1 0 (0)
0%
643 Mohamed Daramy MF, FW 2 0 (0)
0%
571 Momo Yansané FW 3 1 (0)
0%
572 Necip Uysal DF, MF 3 0 (0)
0%
723 Nemanja Radonjić DF, MF, FW 1 0 (0)
0%
647 Nicolas Bürgy DF, FW 2 0 (0)
0%
178 Nicolás Capaldo DF, MF 7 0 (0)
0%
724 Nico Maier FW 1 0 (0)
0%
501 Nico Schulz DF, MF, FW 4 0 (1)
0%
575 Niklas Moisander DF 3 0 (0)
0%
725 Noah Eile DF 1 0 (0)
0%
576 Noah Mbamba MF, FW 3 0 (0)
0%
648 Oğuzhan Özyakup MF 2 0 (0)
0%
649 Oleksandr Andriyevskyi MF 2 0 (0)
0%
397 Oleksandr Syrota DF 5 0 (0)
0%
503 Oleksandr Tymchyk DF 4 0 (0)
0%
726 Oleksiy Shevchenko GK 1 0 (0)
0%
650 Oscar Lewicki DF, MF 2 0 (0)
0%
727 Óscar Rodríguez Arnaiz MF, FW 1 0 (0)
0%
578 Paco Alcácer FW 3 1 (0)
0%
402 Paulo Bernardo MF 5 0 (0)
0%
728 Pavao Pervan GK 1 0 (0)
0%
581 Quentin Maceiras DF, MF 3 0 (0)
0%
408 Rachid Ghezzal MF, FW 5 1 (0)
0%
583 Reinier MF, FW 3 0 (0)
0%
128 Ricardo Esgaio DF, MF, FW 8 0 (2)
0%
293 Ridle Baku DF, MF, FW 6 1 (0)
0%
729 Riqui Puig MF, FW 1 0 (0)
0%
730 Rodrigo Ribeiro MF, FW 1 0 (0)
0%
654 Rubén Peña DF, MF, FW 2 0 (0)
0%
512 Ruud Vormer MF 4 0 (1)
0%
416 Salih Uçan MF 5 0 (0)
0%
732 Samson Tijani MF 1 0 (0)
0%
295 Sandro Lauper DF, MF 6 0 (0)
0%
585 Sebastiaan Bornauw DF 3 0 (0)
0%
656 Sebastian Nanasi MF, FW 2 0 (0)
0%
734 Serafim Cojocari MF, FW 1 0 (0)
0%
735 Serdar Saatçı DF 1 0 (0)
0%
736 Sergio Agüero FW 1 0 (0)
0%
421 Sergio Peña MF, FW 5 0 (0)
0%
587 Serhiy Kryvtsov DF 3 0 (1)
0%
301 Serhiy Sydorchuk MF 6 0 (0)
0%
737 Shola Shoretire MF, FW 1 0 (0)
0%
302 Silvan Hefti DF, MF, FW 6 1 (1)
0%
738 Solomon Bonnah DF 1 0 (0)
0%
589 Søren Rieks DF, MF 3 1 (0)
0%
590 Soualiho Meïté DF, MF 3 0 (0)
0%
514 Stanislav Kritsyuk GK 4 0 (0)
0%
304 Stanley N'Soki DF 6 0 (0)
0%
658 Steffen Tigges MF, FW 2 0 (0)
0%
591 Stjepan Radeljić DF, MF 3 0 (0)
0%
740 Teden Mengi DF 1 0 (0)
0%
427 Tiago Tomás MF, FW 5 0 (0)
0%
741 Tom Heaton GK 1 0 (0)
0%
659 Tyler Morton MF 2 0 (0)
0%
596 Umut Meraş DF 3 0 (0)
0%
433 Valentin Rosier DF, MF 5 0 (0)
0%
310 Veljko Birmančević MF, FW 6 0 (1)
0%
743 Vicente Iborra MF 1 0 (0)
0%
660 Viktor Korniienko DF 2 0 (0)
0%
435 Vincent Sierro MF 5 1 (0)
0%
744 Vitão DF 1 0 (0)
0%
597 Vitinho DF, MF 3 0 (0)
0%
661 Vladyslav Supriaha MF, FW 2 0 (0)
0%
662 Volodymyr Shepelyev MF 2 0 (0)
0%
521 Welinton DF 4 0 (0)
0%
663 Wesley Moraes FW 2 0 (0)
0%
438 Wilfried Kanga MF, FW 5 0 (0)
0%
440 Yannick Gerhardt DF, MF, FW 5 0 (1)
0%
316 Yaroslav Rakitskiy DF 6 1 (2)
0%
747 Zidane Iqbal DF, MF 1 0 (0)
0%
319 Zouhair Feddal DF, MF 6 0 (0)
0%
No matching quizzes found
Score Distribution
Percent of People with Each Score
Percentile by Number Answered
Your Score History
You have not taken this quiz